| 000 | 00605nam a2200169 4500 | ||
|---|---|---|---|
| 008 | 240527b |||||||| |||| 00| 0 eng d | ||
| 082 |
_a376 _bNAR |
||
| 100 | _aNarayan, Swati | ||
| 245 |
_aGender, equality & education: _ba report card on South Asia |
||
| 260 |
_aMumbai: _bAsia South Pacific Association for Basic and Adult Education, _c2010 |
||
| 300 | _a108 p. | ||
| 650 | _aACCESS TO EDUCATION-Women | ||
| 700 | _aRao, Nitya | ||
| 700 | _aKhan, Maria Lourdes A. | ||
| 856 | _uhttps://www.aspbae.org/wp-content/uploads/2022/10/Gender-Equality-Education-A-Report-Card-on-South-Asia.pdf | ||
| 942 | _cRP | ||
| 999 |
_c4899 _d4899 |
||